000
003440000a22001570004500
060
_a
100
082
_a
581.012 JEF
100
_a
Jeffrey, C
245
_a
Introduction to plant taxonomy
250
_a
2
260
_a
London, Cambridge University Press
260
_c
1982
300
_a
154
650
_a
Plants / taxonomy /
942
_c
BK
999
_c
358336
_d
358336